| 000 | 00000nam##2200000za#4500 |
| 001 | 9.641353 |
| 003 | CaOODSP |
| 005 | 20210624223153 |
| 007 | cr ||||||||||| |
| 008 | 150407|2009||||xxc|||||o f|0| 0 fre|d |
| 040 | |aCaOODSP|bfre |
| 043 | |an-cn--- |
| 086 | 1 |aPS108-2/2009F-PDF |
| 110 | 1 |aCanada. |bComité de surveillance des activités de renseignement de sécurité. |
| 245 | 13|aLe rôle du SCRS dans l'affaire Omar Khadr |h[ressource électronique] |
| 260 | |aOttawa - Ontario : |bComité de surveillance des activités de renseignement de sécurité |c8 juillet 2009. |
| 300 | |a36p. |
| 500 | |a"Étude du CSARS n° 2008-05" |
| 590 | |a13-03-Supp|b2013-02-11 |
| 691 | 07|aRenseignement de sécurité|2gcpds |
| 691 | 07|aTerrorisme|2gcpds |
| 775 | 08|tCSIS's role in the matter of Omar Khadr |w(CaOODSP)9.697293 |
| 856 | 40|ahttp://publications.gc.ca|qPDF|s1.64 Mo|uhttps://publications.gc.ca/collections/collection_2013/csars-sirc/PS108-2-2009-fra.pdf |
| 986 | |aDossier n° : 2800-143 (TD R484) |